000 00753cab a2200277 4500
001 WB3003-49
008 090401t1994 xxu||||| |||| 00| 0 eng d
035 _a(Sirsi) u53516
041 _aeng
245 _aCommuters priorities
260 _c1994
350 _a0
490 _aFinancial Times
_v15 January 1994, XIX(2)
520 _aTransport for commuters into London affect where they choose to live. Map.
650 _aCOMMUTING
650 _aEMPLOYMENT
650 _aHOUSING
650 _aLONDON
650 _aPUBLIC TRANSPORT
650 _aTRAINS
650 _aUNDERGROUND
690 _aPROPERTY-RESIDENTIAL PROPERTY-RESIDENTIAL PROPERTY MARKET
690 _aTRANSPORT AND COMMUNICATIONS
942 _n0
948 _c04/03/1997
999 _c32982
_d32982